Normal view
MARC view
- تاليف عمر، محمد عطا؛ مراجعة وتقديم محمود صالح بغدادي
Entry Personal Name
001 - CONTROL NUMBER
- control field: 18178
003 - CONTROL NUMBER IDENTIFIER
- control field: JO-AjAnu
005 - DATE AND TIME OF LATEST TRANSACTION
- control field: 20230606073209.0
008 - FIXED-LENGTH DATA ELEMENTS
- fixed length control field: 230606|| aca||aabn | a|a d
040 ## - CATALOGING SOURCE
- Original cataloging agency: JO-AjAnu
- Transcribing agency: JO-AjAnu
100 ## - HEADING--PERSONAL NAME
- Personal name: تاليف عمر، محمد عطا؛ مراجعة وتقديم محمود صالح بغدادي
670 ## - SOURCE DATA FOUND
- Source citation: Work cat.: (JO-AjAnu)9332: تاليف عمر، محمد عطا؛ مراجعة وتقديم محمود صالح بغدادي, author, المفيد في تيسير أحكام التجويد